000 01489cam a2200133 4500500
005 20251214002412.0
041 _afre
042 _adc
100 1 0 _ade Singly, François
_eauthor
245 0 0 _aComment aider l'enfant à devenir lui-même ? : Guide de voyage à l'intention du parent
260 _bArmand Colin,
_c2009.
520 _aC’est en fonction de l’injonction moderne de devenir soi-même que la famille a rompu avec le modèle traditionnel, dominé par l’autorité du père. Mais depuis, les psychanalystes et les pédiatres s’alarment : l’enfant serait devenu roi ou chef de la famille, et les repères auraient volé en éclats. Les parents, incompétents, démissionneraient. Ils laisseraient faire, négocieraient au lieu de faire preuve d’autorité. François de Singly s’inscrit en faux contre un tel diagnostic, asséné par maints « spécialistes ». Il propose de franchir le détroit de Messine éducatif en échappant aussi bien à Charybde déguisé en Père Fouettard qu’à Scylla en habit de papa copain. Ce livre est un guide à l’intention du parent pour l’aider à préparer un nouveau type de voyage de formation, un voyage-découverte pour que l’enfant comprenne progressivement qui il veut devenir et puisse atteindre la terre promise de nos sociétés contemporaines : un soi autonome. 
856 4 1 _uhttps://shs.cairn.info/comment-aider-l-enfant-a-devenir-lui-meme--9782200353995?lang=fr&redirect-ssocas=7080
999 _c1566871
_d1566871